000 00259nam a2200109Ia 4500
008 190216s9999||||xx |||||||||||||| ||und||
100 _aNull
245 0 _aKavithayum Viplavakavithyum
260 _bDeshabimani Stury Circle
650 _aMalayalam
942 _cBK
999 _c25640
_d25640